| 000 | 00723nam a22002297a 4500 | ||
|---|---|---|---|
| 003 | OSt | ||
| 005 | 20240215221253.0 | ||
| 008 | 231026b |||||||| |||| 00| 0 eng d | ||
| 020 | _a9788401012358 | ||
| 037 | _3Donación | ||
| 040 |
_aCO-JMCR _cCO-JMCR _dCO-JMCR _erdz |
||
| 041 | _aspa | ||
| 082 |
_aA-N _bMENa EJ.1 |
||
| 100 |
_eautor _aMendoza, Plinio Apuleyo _943406 |
||
| 245 |
_aAños de fuga / _cPlinio Apuleyo Mendoza |
||
| 260 |
_aBarcelona _bPlaza & Janés _c1999 |
||
| 300 |
_a418 páginas _c18 cm |
||
| 650 |
_2JMCR _aNovela Colombiana _ySiglo XX _zColombia _943407 |
||
| 650 | _aLiteratura Colombiana | ||
| 651 |
_aColombia _vBiografía _xHistoria _yGuerra de independencia, 1810-1819 _943408 |
||
| 942 |
_2ddc _cBK |
||
| 999 |
_c30300 _d16684 |
||